Liderazgo y reelección presidencial en la Argentina (Registro nro. 16530)

Detalles MARC
000 -LEADER
fixed length control field 00351 a2200109 4500
001 - CONTROL NUMBER
control field ART_3583
005 - DATE AND TIME OF LATEST TRANSACTION
control field 20260410161716.0
008 - FIXED-LENGTH DATA ELEMENTS--GENERAL INFORMATION
fixed length control field 260409a
100 1# - MAIN ENTRY--PERSONAL NAME
Personal name Serrafero, Mario Daniel
245 10 - TITLE STATEMENT
Title Liderazgo y reelección presidencial en la Argentina
773 0# - HOST ITEM ENTRY
Title Desarrollo económico
Related parts - Vol. 33, Nº 132 (ene./mar. 1994)
Record control number REV1174

No hay ítems disponibles.